Southville International School and Colleges
Your cart is empty.
  • Cart
  • Lists
    Public lists Eva Luna New books Lux_list list_1
    Your lists Log in to create your own lists
  • Log in to your account
  • Your cookies
  • Search history
Southville International School and Colleges
  • Advanced search
  • Recent comments
  • Most popular
  • Libraries

Log in to your account

Log in with GOOGLE


If you do not have an external account, but do have a local account, you can still log in:

  1. Home
  2. MARC view: Clinical nursing calculations /
Normal view MARC view ISBD view

Clinical nursing calculations / (Record no. 366792)

[ view plain ]
MARC details
000 -LEADER
fixed length control field 00848nam a22002537a 4500
003 - CONTROL NUMBER IDENTIFIER
control field 0
005 - DATE AND TIME OF LATEST TRANSACTION
control field 20241122111103.0
008 - FIXED-LENGTH DATA ELEMENTS--GENERAL INFORMATION
fixed length control field 241122b xxu||||| |||| 00| 0 eng d
020 ## - INTERNATIONAL STANDARD BOOK NUMBER
International Standard Book Number 9781284287998
050 ## - LIBRARY OF CONGRESS CALL NUMBER
Classification number RS 57
Item number .Si54 2025
100 ## - MAIN ENTRY--PERSONAL NAME
Personal name Sienkiewicz, Susan,
Relator term author.
245 ## - TITLE STATEMENT
Title Clinical nursing calculations /
Statement of responsibility, etc Susan Sienkiewicz, Sandra Megerdichian.
250 ## - EDITION STATEMENT
Edition statement 3rd ed.
260 ## - PUBLICATION, DISTRIBUTION, ETC. (IMPRINT)
Place of publication, distribution, etc Burlington, MA :
Name of publisher, distributor, etc World Headquarters,
Date of publication, distribution, etc 2025.
300 ## - PHYSICAL DESCRIPTION
Extent xx, 626 p. :
Other physical details col. ill. ;
Dimensions 28 cm.
504 ## - BIBLIOGRAPHY, ETC. NOTE
Bibliography, etc Includes bibliographical references and index.
650 ## - SUBJECT ADDED ENTRY--TOPICAL TERM
Topical term or geographic name as entry element Pharmaceutical arithmetic.
650 ## - SUBJECT ADDED ENTRY--TOPICAL TERM
Topical term or geographic name as entry element Nursing mathematics.
650 ## - SUBJECT ADDED ENTRY--TOPICAL TERM
Topical term or geographic name as entry element Drug dosage calculations.
650 ## - SUBJECT ADDED ENTRY--TOPICAL TERM
Topical term or geographic name as entry element Pharmaceutical Preparations
Form subdivision administration & dosage.
650 ## - SUBJECT ADDED ENTRY--TOPICAL TERM
Topical term or geographic name as entry element Nurses Instruction.
700 ## - ADDED ENTRY--PERSONAL NAME
Personal name Megerdichian, Sandra,
Relator term author.
942 ## - ADDED ENTRY ELEMENTS (KOHA)
Source of classification or shelving scheme Library of Congress Classification
Koha item type Books
Holdings
Withdrawn status Lost status Source of classification or shelving scheme Damaged status Home library Current library Shelving location Date acquired Source of acquisition Sub Shelving location Total Checkouts Full call number Barcode Date last seen Date checked out Price effective from Koha item type
    Library of Congress Classification   College Library College Library Reserve Section 11/22/2024 Library Fund   1 RS 57 .Si54 2025 C24053 01/07/2025 12/16/2024 11/22/2024 Books

Clinical nursing calculations /

APA

Sienkiewicz S., Megerdichian S., . (2025). Clinical nursing calculations. Burlington, MA: World Headquarters.

Chicago

Sienkiewicz Susan, Megerdichian Sandra, . 2025. Clinical nursing calculations. Burlington, MA: World Headquarters.

Harvard

Sienkiewicz S., Megerdichian S., . (2025). Clinical nursing calculations. Burlington, MA: World Headquarters.

MLA

Sienkiewicz Susan, Megerdichian Sandra, . Clinical nursing calculations. Burlington, MA: World Headquarters. 2025.

  • Place hold
  • Print
  • Cite
  • Add to your cart (remove)
  • Save record
    BIBTEX Dublin Core MARCXML MARC (non-Unicode/MARC-8) MARC (Unicode/UTF-8) MARC (Unicode/UTF-8, Standard) MODS (XML) RIS
  • More searches
    Search for this title in:
    Other Libraries (WorldCat) Other Databases (Google Scholar) Online Stores (Bookfinder.com) Open Library (openlibrary.org)

Exporting to Dublin Core...

SOUTHVILLE LIBRARY

Southville International School and Colleges Library

1281 Tropical Ave. Cor. Luxembourg St., BF Homes International, Las Pinas City

Tel. No. 8256374 / 252358 Loc. 117/146

Powered by Koha